00482 a2200169 4500000002100000001000700021005001700028008004100045020001800086082002000104100002300124245007000147260003900217300000900256630001600265700003100281BKB 14564820200902170959.0  a9781483332314 a616.89152bC76W1 aConyne , Robert. K1 aWhat is group workcby Robert K. Conyne and Leane Terry Diederich aNew DelhibSage Publicationsc2014 a82p. aSocial Work aDiederich, Leann Terrybc